Head First Java: A Brain-Friendly Guide_2nd Edition (Record no. 38076)

MARC details
000 -LEADER
fixed length control field 02182nam a22001937a 4500
020 ## - INTERNATIONAL STANDARD BOOK NUMBER
ISBN 978-8173666025
082 ## - DEWEY DECIMAL CLASSIFICATION NUMBER
Classification number 005.133(J) SIE
100 ## - MAIN ENTRY--AUTHOR NAME
Personal name Kathy Sierra
100 ## - MAIN ENTRY--AUTHOR NAME
Personal name Bert Bates
245 ## - TITLE STATEMENT
Title Head First Java: A Brain-Friendly Guide_2nd Edition
250 ## - EDITION STATEMENT
Edition statement 2
260 ## - PUBLICATION, DISTRIBUTION, ETC. (IMPRINT)
Name of publisher Shroff
Place of publication Mumbai
Year of publication 2021
300 ## - PHYSICAL DESCRIPTION
Number of Pages 742 Pages
Other physical details Item Weight ‏ : ‎ 500 g Dimensions ‏ : ‎ 20 x 14 x 4 cm
520 ## - SUMMARY, ETC.
Summary, etc Computer programming language Java is not easy to understand. It takes lot of time and practice to understand the complex programming language. But this book takes an interactive and fun approach for better understanding of different fundamentals of Java. The book offers multi-sensory and fun learning experience for new programmers, so they can easily pick up the new language.<br/><br/>Human brain responds and remembers unusual situations, images or incidents. Keeping that in mind, this revised second edition of the book has been presented with lots of humorous images, memorable analogies and mind-bending exercises. The language in which the book is written is also casual for better understanding of the difficult computer programming language.<br/><br/>Although it follows a causal approach, the book refers to some serious computer-related information that encourages readers to learn and think like professional Java programmers. The book focuses on Java 5.0, the latest version of the Java development platform, along with certain deep code-levels. From basic programming fundamentals to advanced topics, including threads, distributed programming with RMI and network sockets, the book covers almost all major Java concepts.<br/><br/>To make the learning and remembering tasks easier, the book comes with numerous puzzles, striking visuals, mysterious problems and certain soul-searching interviews to make the computer programming more engaging and playful. For new programmers and those who want to brush up their programming knowledge, this book may be a good companion. With this easy-to-understand book, learning complex computer language shall no more be a difficult task.
650 ## - SUBJECT ADDED ENTRY--TOPICAL TERM
Topical Term CSE
942 ## - ADDED ENTRY ELEMENTS (KOHA)
Koha item type Text Book

No items available.